El Ultimo despale... . La Frontera agrícola centroamericana /

Gespeichert in:
Bibliographische Detailangaben
Körperschaften: Pasos, Rubén, coord Girot, Pascal Laforge, Michel Torrealba, Pablo Kaimowitz, David
Format: Text
Veröffentlicht: San José: FUNDESCA
Tags: Tag hinzufügen
Keine Tags, Fügen Sie den ersten Tag hinzu!

MARC

LEADER 00000 a a2200000 04500
001 22625
003
040
090 |a 155000  
110 |a Pasos, Rubén  
245 |a El Ultimo despale... . La Frontera agrícola centroamericana /  |c Rubén Pasos 
260 |a San José:   |b FUNDESCA  
300 |a 132 p  
710 |a coord   |a Girot, Pascal   |a Laforge, Michel   |a Torrealba, Pablo   |a Kaimowitz, David  
999 |c 16769  |d 16769